| 000 | 00527nam a2200181Ia 4500 | ||
|---|---|---|---|
| 001 | 17477 | ||
| 005 | 20260306171520.0 | ||
| 008 | 260306s9999||||xx |||||||||||||| ||und|| | ||
| 041 | _aESP | ||
| 082 |
_a658 _bM12 |
||
| 100 |
_aMaciariello, Joseph A. _eAUT |
||
| 245 | 0 |
_aPeter Drucker y el arte perdido de la gerencia: _bla vigencia de su pensamiento sobre la construcción de organizaciones efectivas |
|
| 260 | _c2012 | ||
| 300 |
_a459 páginas : _c23 cm. |
||
| 650 | _aGEN | ||
| 654 | _aCAN | ||
| 942 |
_cLIB _dJUS _fJUS _2ddc _n |
||
| 999 |
_c17477 _d17477 |
||